书目信息 |
| 题名: |
兰花发苗有窍门
|
|
| 作者: | 陆明祥 编著 | |
| 分册: | ||
| 出版信息: | 福州 福建科学技术出版社 2015 |
|
| 页数: | 150页 | |
| 开本: | 24cm | |
| 丛书名: | ||
| 单 册: | ||
| 中图分类: | S682.31 | |
| 科图分类: | ||
| 主题词: | 兰科--Lan Ke--花卉--观赏园艺 | |
| 电子资源: | ||
| ISBN: | 978-7-5335-4854-4 | |
| 000 | 01014nam0 2200241 450 | |
| 001 | 1673317107 | |
| 005 | 20150915111741.0 | |
| 010 | @a978-7-5335-4854-4@dCNY39.00 | |
| 100 | @a20151123d2015 em y0chiy50 ea | |
| 101 | 0 | @achi |
| 102 | @aCN@b350000 | |
| 105 | @aa z 000yy | |
| 106 | @ar | |
| 200 | 1 | @a兰花发苗有窍门@ALan Hua Fa Miao You Qiao Men@f陆明祥编著 |
| 210 | @a福州@c福建科学技术出版社@d2015 | |
| 215 | @a150页@c彩图@d24cm | |
| 330 | @a本书以彩图的形式介绍兰花促芽壮苗的措施。在介绍兰花发芽规律的基础上,分别详细介绍促芽的方法,如适度分株、老草另植、扭伤球茎连接处、适当使用激素、摘花蕾、利用“老头”、适当控温、加强管理;壮苗的方法,如通风透气、适时翻盆、合理分株、适时浇水、薄肥勤施、合理光照、控制温湿、严防病害等。此外,还介绍兰花月度管理技艺。书末还附有春兰、蕙兰、莲瓣兰、春剑等珍品名品。 | |
| 333 | @a园艺爱好者 | |
| 606 | 0 | @a兰科@ALan Ke@x花卉@x观赏园艺 |
| 690 | @aS682.31@v5 | |
| 701 | 0 | @a陆明祥@ALu Ming Xiang@4编著 |
| 801 | 0 | @aCN@b江苏新华@c20150511 |
| 905 | @aBZT@dS682.31@e23 | |
| 兰花发苗有窍门/陆明祥编著.-福州:福建科学技术出版社,2015 |
| 150页:彩图;24cm |
| 使用对象:园艺爱好者 |
| ISBN 978-7-5335-4854-4:CNY39.00 |
| 本书以彩图的形式介绍兰花促芽壮苗的措施。在介绍兰花发芽规律的基础上,分别详细介绍促芽的方法,如适度分株、老草另植、扭伤球茎连接处、适当使用激素、摘花蕾、利用“老头”、适当控温、加强管理;壮苗的方法,如通风透气、适时翻盆、合理分株、适时浇水、薄肥勤施、合理光照、控制温湿、严防病害等。此外,还介绍兰花月度管理技艺。书末还附有春兰、蕙兰、莲瓣兰、春剑等珍品名品。 |
| ● |
| 相关链接 |
|
|
|
正题名:兰花发苗有窍门
索取号:S682.31/23
 
预约/预借
| 序号 | 登录号 | 条形码 | 馆藏地/架位号 | 状态 | 备注 |
| 1 | 800354 | 2000800354 | 第二书库/ [索取号:S682.31/23] | 在馆 | |
| 2 | 800355 | 2000800355 | 第二书库/ [索取号:S682.31/23] | 在馆 | |
| 3 | 800356 | 2000800356 | 第二书库/ [索取号:S682.31/23] | 在馆 |